| 000 | 00512nam a2200217Ia 4500 | ||
|---|---|---|---|
| 003 | 0100 | ||
| 008 | 130307s9999 xx 000 0 und d | ||
| 020 | _a0664247474 | ||
| 040 | _cARRUPELIB | ||
| 050 | _aBS1160.C56 1976 | ||
| 100 | _aClements, R. E | ||
| 245 | _aOne hundred years of Old Testament interpretation | ||
| 260 | _aPhiladelphia : | ||
| 260 | _bWestminster Press | ||
| 260 | _cc1976. | ||
| 300 | _aviii | ||
| 300 | _b152 p. 22 cm. | ||
| 650 | _aBIBLE | ||
| 650 | _bFiction | ||
| 942 | 0 | 0 | _01 |
| 999 |
_c96960 _d96960 |
||